[Event "35t. Copenhagen Open (Politiken Cup)"]
[Site "Elsinore"]
[Date "2013.08.03"]
[Round "9"]
[White "Nielsen, Lars Aaes"]
[Black "Carlstedt, Jonathan"]
[Result "0-1"]
[WhiteElo "2265"]
[BlackElo "2387"]
[PlyCount "142"]
[EventDate "2013.07.27"]
[EventType "swiss"]
[EventRounds "10"]
[EventCountry "DEN"]
[Source "ChessBase"]
[SourceDate "2013.08.26"]

1. e4 c6 2. c4 d5 3. exd5 cxd5 4. cxd5 Nf6 5. Bb5+ Nbd7 6. Nc3 a6 7. Bxd7+ Qxd7
8. Nf3 Nxd5 9. O-O Nxc3 10. dxc3 Qxd1 11. Rxd1 f6 12. Be3 e5 13. Nd2 a5 14. Nc4
Ra6 15. Bb6 Kf7 16. Nd6+ Bxd6 17. Rxd6 Bg4 18. f3 Be6 19. Rad1 Rc8 20. Be3 Rxd6
21. Rxd6 a4 22. Rb6 Bd5 23. Bd2 Rd8 24. Be1 Bc6 25. b4 Rd1 26. Kf2 Rb1 27. c4
Rb2+ 28. Kg3 Rxa2 29. b5 Rb2 30. Ba5 Bd7 31. Rxb7 Ke6 32. Ra7 a3 33. Bc3 Rb3
34. Ba1 g5 35. Kf2 Kd6 36. Ra6+ Ke7 37. Ra7 Kd8 38. Ra6 Ke7 39. Ra7 Rb4 40. c5
Kd8 41. b6 Rb3 42. Ra8+ Ke7 43. Ra7 Ke6 44. Rc7 Ba4 45. b7 Kd5 46. Rf7 Bc6 47.
Rxf6 Rxb7 48. Rd6+ Kxc5 49. Rd3 Kb4 50. Bxe5 a2 51. Bd6+ Kc4 52. Ra3 Rb2+ 53.
Kg3 Re2 54. Bf8 h5 55. h3 h4+ 56. Kg4 Rxg2+ 57. Kf5 Bxf3 58. Bg7 Bd1 59. Bf6 g4
60. Rc3+ Kb4 61. Rc1 Bc2+ 62. Kg5 gxh3+ 63. Kxh4 Bf5 64. Be5 Rg4+ 65. Kh5 Rc4
66. Re1 Rc5 67. Bf6 Bb1+ 68. Kh4 Rc3 69. Re7 h2 70. Rb7+ Kc4 71. Rc7+ Kd5 0-1

[Event "35t. Copenhagen Open (Politiken Cup)"]
[Site "Elsinore"]
[Date "2013.08.03"]
[Round "9"]
[White "Nielsen, Leo"]
[Black "Pedersen, Jan Kaas"]
[Result "0-1"]
[WhiteElo "1752"]
[BlackElo "2018"]
[PlyCount "52"]
[EventDate "2013.07.27"]
[EventType "swiss"]
[EventRounds "10"]
[EventCountry "DEN"]
[Source "ChessBase"]
[SourceDate "2013.08.26"]

1. e4 d5 2. exd5 Nf6 3. d4 Nxd5 4. c4 Nf6 5. Nc3 c6 6. Nf3 Bg4 7. Be2 e6 8. Ne5
Bxe2 9. Nxe2 Nbd7 10. Bg5 Nxe5 11. Bxf6 Bb4+ 12. Nc3 Qxf6 13. Qe2 Ng6 14. Qe3
O-O 15. O-O Rfd8 16. Ne2 e5 17. d5 cxd5 18. cxd5 Rxd5 19. Qb3 Qd6 20. a3 Bc5
21. Nc3 Rd3 22. Rad1 Rxd1 23. Rxd1 Qc6 24. Rd5 Nf4 25. g3 Nxd5 26. Nxd5 Rd8 0-1

[Event "35t. Copenhagen Open (Politiken Cup)"]
[Site "Elsinore"]
[Date "2013.08.03"]
[Round "9"]
[White "Nielsen, Morten"]
[Black "Ottesen, Soren Rud"]
[Result "1-0"]
[WhiteElo "1965"]
[BlackElo "1782"]
[PlyCount "37"]
[EventDate "2013.07.27"]
[EventType "swiss"]
[EventRounds "10"]
[EventCountry "DEN"]
[Source "ChessBase"]
[SourceDate "2013.08.26"]

1. e4 c6 2. c4 e5 3. d4 exd4 4. Qxd4 d6 5. Nc3 Be6 6. Bf4 Qf6 7. Qxf6 Nxf6 8.
O-O-O Nbd7 9. Bxd6 Bxd6 10. Rxd6 Ke7 11. Rd2 Ne5 12. b3 Rad8 13. h3 Rxd2 14.
Kxd2 Rd8+ 15. Ke3 a5 16. f4 Ng6 17. f5 Bxf5 18. exf5 Nh4 19. g4 1-0

[Event "35t. Copenhagen Open (Politiken Cup)"]
[Site "Elsinore"]
[Date "2013.08.03"]
[Round "9"]
[White "Nordin, Eric"]
[Black "Jensen, Tobias Ilsoe"]
[Result "0-1"]
[WhiteElo "1874"]
[BlackElo "1954"]
[PlyCount "40"]
[EventDate "2013.07.27"]
[EventType "swiss"]
[EventRounds "10"]
[EventCountry "DEN"]
[Source "ChessBase"]
[SourceDate "2013.08.26"]

1. e4 c5 2. Nf3 d6 3. d4 cxd4 4. Qxd4 a6 5. c4 Nc6 6. Qd1 Nf6 7. Nc3 g6 8. Be2
Bg7 9. O-O O-O 10. Bg5 Bg4 11. Qd2 Rc8 12. Rad1 Bxf3 13. Bxf3 Nd7 14. Bg4 Nce5
15. Bxd7 Nxc4 16. Nd5 Nxd2 17. Nxe7+ Kh8 18. Bxc8 f6 19. Bxd2 Qxe7 20. Bxb7
Qxb7 0-1

[Event "35t. Copenhagen Open (Politiken Cup)"]
[Site "Elsinore"]
[Date "2013.08.03"]
[Round "9"]
[White "Nordstrom, Hakon N"]
[Black "Svendsen, Petter"]
[Result "1-0"]
[WhiteElo "1830"]
[BlackElo "1974"]
[PlyCount "81"]
[EventDate "2013.07.27"]
[EventType "swiss"]
[EventRounds "10"]
[EventCountry "DEN"]
[Source "ChessBase"]
[SourceDate "2013.08.26"]

1. d4 g6 2. e4 d6 3. Nc3 Nf6 4. f4 Bg7 5. Nf3 O-O 6. Be3 Nc6 7. Qd2 d5 8. e5
Ng4 9. Bg1 Nh6 10. O-O-O Bg4 11. h3 Bxf3 12. gxf3 Nf5 13. Bd3 Nfxd4 14. Bxd4
Nxd4 15. Bxg6 fxg6 16. Qxd4 e6 17. h4 Bh6 18. Ne2 Rf5 19. Rdg1 Kh8 20. Rg4 Qf8
21. Kb1 Qf7 22. h5 gxh5 23. Rgh4 Rg8 24. Qf2 Bxf4 25. Nxf4 Rxf4 26. Rxh5 Rg7
27. Qxa7 Rxf3 28. b3 Rf1+ 29. Rxf1 Qxf1+ 30. Kb2 Qd1 31. Qf2 Kg8 32. Rh6 Rg1
33. Rxe6 Qc1+ 34. Kc3 Qa1+ 35. Kb4 Rg4+ 36. c4 c5+ 37. Kb5 h5 38. Re8+ Kh7 39.
Qf7+ Kh6 40. Qf6+ Kh7 41. Rh8# 1-0

[Event "35t. Copenhagen Open (Politiken Cup)"]
[Site "Elsinore"]
[Date "2013.08.03"]
[Round "9"]
[White "Norlander, Svante"]
[Black "Sivaranjan, Aschmirthan"]
[Result "1/2-1/2"]
[WhiteElo "1796"]
[BlackElo "1583"]
[PlyCount "47"]
[EventDate "2013.07.27"]
[EventType "swiss"]
[EventRounds "10"]
[EventCountry "DEN"]
[Source "ChessBase"]
[SourceDate "2013.08.26"]

1. e4 e5 2. Nc3 Nc6 3. g3 Nf6 4. Bg2 Bc5 5. Nge2 O-O 6. O-O d6 7. d3 Be6 8. Na4
Nd7 9. Nxc5 Nxc5 10. c3 d5 11. Be3 Qd6 12. b4 Nd7 13. a4 f5 14. a5 Nf6 15. b5
Ne7 16. exf5 Nxf5 17. Bc1 Qd7 18. Rb1 Rac8 19. Ba3 Rf7 20. Qd2 Ng4 21. h3 Nf6
22. d4 exd4 23. cxd4 Ne7 24. Nf4 1/2-1/2

[Event "35t. Copenhagen Open (Politiken Cup)"]
[Site "Elsinore"]
[Date "2013.08.03"]
[Round "9"]
[White "Oe, Oluf"]
[Black "Larsen, Ulrik Jejlskov"]
[Result "1-0"]
[WhiteElo "1992"]
[BlackElo "1700"]
[PlyCount "75"]
[EventDate "2013.07.27"]
[EventType "swiss"]
[EventRounds "10"]
[EventCountry "DEN"]
[Source "ChessBase"]
[SourceDate "2013.08.26"]

1. d4 Nf6 2. c4 c5 3. d5 b5 4. cxb5 a6 5. bxa6 g6 6. Nc3 Bxa6 7. Nf3 d6 8. g3
Bg7 9. e4 Bxf1 10. Kxf1 Nbd7 11. Kg2 O-O 12. h3 Qa5 13. Qc2 Ne8 14. Bd2 Nc7 15.
a4 Rfb8 16. Nb5 Qb6 17. Nxc7 Qxc7 18. Bc3 Rb7 19. Bxg7 Kxg7 20. Nd2 Rb4 21. b3
Qb7 22. Rhf1 Rf8 23. Rae1 f5 24. exf5 Qxd5+ 25. Kg1 Ne5 26. f4 Qd4+ 27. Kh2
Rxf5 28. Re4 Qd3 29. Qxd3 Nxd3 30. Rxe7+ Kh6 31. Rf3 Rd5 32. Nf1 Rxb3 33. g4 g5
34. fxg5+ Kxg5 35. Ne3 Rb2+ 36. Kg3 Ne1 37. h4+ Kg6 38. Nxd5 1-0

[Event "35t. Copenhagen Open (Politiken Cup)"]
[Site "Elsinore"]
[Date "2013.08.03"]
[Round "9"]
[White "Oland, Arne"]
[Black "Collareta, Giovanni"]
[Result "1/2-1/2"]
[WhiteElo "1955"]
[BlackElo "2108"]
[PlyCount "76"]
[EventDate "2013.07.27"]
[EventType "swiss"]
[EventRounds "10"]
[EventCountry "DEN"]
[Source "ChessBase"]
[SourceDate "2013.08.26"]

1. f4 d5 2. Nf3 g6 3. e3 Bg7 4. d4 Nf6 5. Nbd2 b6 6. Ne5 Bb7 7. Be2 O-O 8. O-O
Ne4 9. Nxe4 dxe4 10. b3 f6 11. Ng4 a5 12. a4 Na6 13. Ba3 Rc8 14. Bc4+ Kh8 15.
Be6 Ra8 16. Qe1 c5 17. Rd1 Qc7 18. f5 g5 19. h4 Nb4 20. Bxb4 cxb4 21. Qf2 h5
22. hxg5 fxg5 23. g3 Bc8 24. Qh2 h4 25. gxh4 Qxh2+ 26. Kxh2 gxh4 27. Kh3 Ra7
28. Kxh4 Rc7 29. Bc4 Bxf5 30. Rh1 Rc6 31. Kg3+ Bh7 32. Rdf1 Rcc8 33. Rf2 Rxf2
34. Nxf2 Rc6 35. Rh5 Rg6+ 36. Ng4 Bf6 37. Bd5 Rg5 38. Rxg5 Bxg5 1/2-1/2

[Event "35t. Copenhagen Open (Politiken Cup)"]
[Site "Elsinore"]
[Date "2013.08.03"]
[Round "9"]
[White "Pedersen, Hans Buus"]
[Black "Hobber, Anders"]
[Result "0-1"]
[WhiteElo "2118"]
[BlackElo "2278"]
[PlyCount "144"]
[EventDate "2013.07.27"]
[EventType "swiss"]
[EventRounds "10"]
[EventCountry "DEN"]
[Source "ChessBase"]
[SourceDate "2013.08.26"]

1. d4 d5 2. Bf4 Nf6 3. e3 c5 4. Nc3 a6 5. dxc5 Qa5 6. a3 Qxc5 7. Nf3 Bg4 8. Be2
Nc6 9. Ne5 Bxe2 10. Nxe2 e6 11. O-O Nxe5 12. Bxe5 Be7 13. Nf4 O-O 14. Nd3 Qc6
15. Bd4 Nd7 16. Qe2 Rac8 17. Rac1 Bf6 18. Bxf6 Nxf6 19. Ne5 Qd6 20. Nf3 Qb6 21.
Rb1 Rc7 22. h3 Rfc8 23. c3 Ne4 24. Qd3 Qd6 25. Rfd1 Qe7 26. Nd2 Nxd2 27. Rxd2
Rc4 28. Rbd1 h6 29. Qe2 b5 30. Rd4 Qb7 31. Qh5 a5 32. Qe2 b4 33. axb4 axb4 34.
Rxc4 Rxc4 35. Qd3 bxc3 36. bxc3 Qb2 37. Rb1 Rxc3 38. Qd1 Qc2 39. Rb8+ Kh7 40.
Qf3 Rc7 41. Qf4 Ra7 42. Rf8 Qc1+ 43. Kh2 Qc7 44. Qxc7 Rxc7 45. Kg3 Kg6 46. Ra8
Rc2 47. Ra4 Kf6 48. Kf3 g6 49. g3 g5 50. h4 Rc4 51. hxg5+ hxg5 52. Ra2 Kf5 53.
Rb2 g4+ 54. Ke2 Ke4 55. Ra2 f5 56. Rb2 e5 57. Ra2 d4 58. exd4 exd4 59. Ra5 Rc2+
60. Ke1 d3 61. Ra4+ Kf3 62. Rf4+ Kg2 63. Rxf5 Re2+ 64. Kd1 Rxf2 65. Rd5 Rf3 66.
Kd2 Kxg3 67. Rg5 Kh3 68. Rh5+ Kg2 69. Ke1 Rf2 70. Rh8 d2+ 71. Kd1 g3 72. Rh7
Kg1 0-1

[Event "35t. Copenhagen Open (Politiken Cup)"]
[Site "Elsinore"]
[Date "2013.08.03"]
[Round "9"]
[White "Pettersen, Joar Gullestad"]
[Black "Thaler, Toni"]
[Result "1/2-1/2"]
[WhiteElo "1944"]
[BlackElo "2091"]
[PlyCount "63"]
[EventDate "2013.07.27"]
[EventType "swiss"]
[EventRounds "10"]
[EventCountry "DEN"]
[Source "ChessBase"]
[SourceDate "2013.08.26"]

1. d4 Nf6 2. c4 c5 3. d5 d6 4. Nc3 g6 5. e4 Bg7 6. f3 O-O 7. Be3 e6 8. Qd2 exd5
9. cxd5 Re8 10. Nge2 Na6 11. Nc1 Nc7 12. Be2 Rb8 13. a4 a6 14. Rb1 b5 15. axb5
axb5 16. b4 c4 17. O-O Bd7 18. Bd1 Qe7 19. N1e2 Ra8 20. Re1 Ra3 21. Nd4 Rxc3
22. Qxc3 Nfxd5 23. Qd2 Nxe3 24. Qxe3 Nd5 25. Qd2 Qe5 26. Ne2 Nc3 27. Rc1 Nxe2+
28. Bxe2 Qd4+ 29. Qxd4 Bxd4+ 30. Kf1 Be5 31. Kg1 Ra8 32. Red1 1/2-1/2

[Event "35t. Copenhagen Open (Politiken Cup)"]
[Site "Elsinore"]
[Date "2013.08.03"]
[Round "9"]
[White "Portisch, Lajos"]
[Black "Bruun, Hendrik Emil"]
[Result "1/2-1/2"]
[WhiteElo "2479"]
[BlackElo "2078"]
[PlyCount "89"]
[EventDate "2013.07.27"]
[EventType "swiss"]
[EventRounds "10"]
[EventCountry "DEN"]
[Source "ChessBase"]
[SourceDate "2013.08.26"]

1. d4 g6 2. c4 Bg7 3. e4 d6 4. Nc3 Nf6 5. f3 O-O 6. Be3 c5 7. Nge2 Qa5 8. d5 b5
9. cxb5 a6 10. bxa6 Bxa6 11. Nf4 Nbd7 12. Bxa6 Rxa6 13. O-O Rb8 14. Qc2 Ne8 15.
Nfe2 Nc7 16. Rab1 Nb5 17. Nxb5 Qxb5 18. b3 Ne5 19. Rfd1 Qa5 20. a4 c4 21. bxc4
Rc8 22. c5 dxc5 23. Rb5 Qxa4 24. Qxa4 Rxa4 25. Rxc5 Rxc5 26. Bxc5 Ra2 27. Nd4
Nd7 28. Nb3 Rb2 29. Rd3 Rxb3 30. Rxb3 Nxc5 31. Rb8+ Bf8 32. Kf2 f6 33. Ke3 Kf7
34. Rc8 Nb7 35. Rc7 Nd6 36. Kd3 Bg7 37. f4 g5 38. g3 Nb5 39. Rd7 Ke8 40. Rb7
Nd6 41. Rb8+ Kf7 42. Ra8 Nb5 43. Rb8 Nd6 44. Ra8 Nb5 45. Rb8 1/2-1/2

[Event "35t. Copenhagen Open (Politiken Cup)"]
[Site "Elsinore"]
[Date "2013.08.03"]
[Round "9"]
[White "Quinn, David"]
[Black "Fjellengen, Baard"]
[Result "1/2-1/2"]
[WhiteElo "1983"]
[BlackElo "1869"]
[PlyCount "64"]
[EventDate "2013.07.27"]
[EventType "swiss"]
[EventRounds "10"]
[EventCountry "DEN"]
[Source "ChessBase"]
[SourceDate "2013.08.26"]

1. d4 d5 2. c4 c6 3. Nc3 Nf6 4. Nf3 g6 5. e3 Bg7 6. Bd3 O-O 7. O-O b6 8. b3 Bb7
9. Bb2 Nbd7 10. Rc1 e6 11. Qe2 c5 12. cxd5 exd5 13. Ba6 Qc8 14. Bxb7 Qxb7 15.
Rfd1 Ne4 16. dxc5 Nxc3 17. Bxc3 Bxc3 18. Rxc3 Nxc5 19. Rdc1 Ne6 20. Qc2 Rad8
21. h4 d4 22. exd4 Nxd4 23. Nxd4 Rxd4 24. Rc7 Qa6 25. h5 Rh4 26. hxg6 hxg6 27.
Rc8 Rxc8 28. Qxc8+ Qxc8 29. Rxc8+ Kg7 30. Rc7 a5 31. Rb7 Rb4 32. Kf1 a4 1/2-1/2

[Event "35t. Copenhagen Open (Politiken Cup)"]
[Site "Elsinore"]
[Date "2013.08.03"]
[Round "9"]
[White "Ranby, Hans"]
[Black "Collins, Alan"]
[Result "1-0"]
[WhiteElo "1958"]
[BlackElo "1740"]
[PlyCount "69"]
[EventDate "2013.07.27"]
[EventType "swiss"]
[EventRounds "10"]
[EventCountry "DEN"]
[Source "ChessBase"]
[SourceDate "2013.08.26"]

1. Nc3 g6 2. Nf3 Bg7 3. g3 d6 4. Bg2 f5 5. d3 Nf6 6. O-O e5 7. Bg5 c6 8. e4 O-O
9. d4 fxe4 10. Nxe4 exd4 11. Nxd4 d5 12. Nxf6+ Bxf6 13. Bxf6 Qxf6 14. c3 Na6
15. Qd2 Bd7 16. Rae1 Rae8 17. f4 Rxe1 18. Rxe1 Re8 19. Nf3 Rxe1+ 20. Qxe1 Nc7
21. Ne5 Qe6 22. Bf3 Qe7 23. Qe3 b6 24. Qd4 Nb5 25. Bxd5+ cxd5 26. Qxd5+ Be6 27.
Qxb5 Bxa2 28. c4 Bb1 29. Qd5+ Kg7 30. Qd4 Kg8 31. Kf2 Bf5 32. Nc6 Qc7 33. Qf6
h5 34. Ne7+ Kh7 35. Qf7+ 1-0

[Event "35t. Copenhagen Open (Politiken Cup)"]
[Site "Elsinore"]
[Date "2013.08.03"]
[Round "9"]
[White "Rasmussen, Lars"]
[Black "Undheim, Bjarne"]
[Result "0-1"]
[WhiteElo "1977"]
[BlackElo "1838"]
[PlyCount "46"]
[EventDate "2013.07.27"]
[EventType "swiss"]
[EventRounds "10"]
[EventCountry "DEN"]
[Source "ChessBase"]
[SourceDate "2013.08.26"]

1. e4 d5 2. exd5 Nf6 3. d4 Bg4 4. f3 Bf5 5. g4 Bc8 6. Bb5+ Nbd7 7. c4 a6 8.
Bxd7+ Bxd7 9. Nc3 e6 10. dxe6 Bxe6 11. d5 Bd7 12. Bf4 Be7 13. Nge2 O-O 14. Qd3
b5 15. O-O Ne8 16. Bg3 bxc4 17. Qxc4 Nd6 18. Qd3 a5 19. Rac1 Bc8 20. Ne4 Ba6
21. Qc2 Nc4 22. Bxc7 Qxc7 23. b3 Qb6+ 0-1

[Event "35t. Copenhagen Open (Politiken Cup)"]
[Site "Elsinore"]
[Date "2013.08.03"]
[Round "9"]
[White "Rasmussen, Ole H"]
[Black "Degerfeldt, Sven"]
[Result "1/2-1/2"]
[WhiteElo "1727"]
[BlackElo "1921"]
[PlyCount "79"]
[EventDate "2013.07.27"]
[EventType "swiss"]
[EventRounds "10"]
[EventCountry "DEN"]
[Source "ChessBase"]
[SourceDate "2013.08.26"]

1. e4 c5 2. Nf3 d6 3. d4 cxd4 4. Nxd4 Nf6 5. Nc3 a6 6. Be2 e6 7. Be3 Qc7 8. O-O
b5 9. a3 Bb7 10. Bf3 Nbd7 11. Nde2 Be7 12. Ng3 Rc8 13. Rc1 O-O 14. Be2 Rfe8 15.
f4 Nc5 16. Bf3 Rcd8 17. b4 Ncd7 18. Nb1 Nb6 19. Nd2 d5 20. e5 Ne4 21. Bxe4 dxe4
22. Qe2 Nc4 23. Nxc4 bxc4 24. Rfd1 g6 25. Rd4 Rxd4 26. Bxd4 Qc6 27. c3 Rd8 28.
Qe3 Qa4 29. Re1 Bh4 30. Qc1 Qb3 31. Re3 Bxg3 32. hxg3 Kg7 33. g4 Ra8 34. g5 a5
35. Kh2 Bd5 36. Kh3 Qa4 37. Kg4 axb4 38. axb4 Qa1 39. Qxa1 Rxa1 40. Kg3 1/2-1/2

[Event "35t. Copenhagen Open (Politiken Cup)"]
[Site "Elsinore"]
[Date "2013.08.03"]
[Round "9"]
[White "Riis, Jens"]
[Black "Larsen, Ulrik"]
[Result "1-0"]
[WhiteElo "2174"]
[BlackElo "1992"]
[PlyCount "77"]
[EventDate "2013.07.27"]
[EventType "swiss"]
[EventRounds "10"]
[EventCountry "DEN"]
[Source "ChessBase"]
[SourceDate "2013.08.26"]

1. d4 d5 2. Nf3 c5 3. c3 Nf6 4. Bf4 Qb6 5. Qb3 Nc6 6. e3 c4 7. Qc2 Bg4 8. Nbd2
Bh5 9. Be2 Bg6 10. Qc1 Rc8 11. O-O e6 12. h3 Be7 13. Bd1 O-O 14. Bc2 Bxc2 15.
Qxc2 Nb8 16. Rfe1 Nbd7 17. e4 Nxe4 18. Nxe4 dxe4 19. Rxe4 Nf6 20. Re2 Bd6 21.
Bg5 Nd5 22. Rae1 h6 23. Bc1 Bf4 24. Re4 Bxc1 25. Qxc1 Nf6 26. Rh4 Qd6 27. Ne5
Qe7 28. Ng4 Nxg4 29. Rxg4 Qf6 30. Re3 Kh8 31. Rf3 Qe7 32. Rfg3 Rg8 33. Qe3 Qf6
34. Rf3 Qe7 35. Qe5 Rcd8 36. Rfg3 f6 37. Qe2 e5 38. dxe5 fxe5 39. Rxc4 1-0

[Event "35t. Copenhagen Open (Politiken Cup)"]
[Site "Elsinore"]
[Date "2013.08.03"]
[Round "9"]
[White "Rolvag, Birk Anders"]
[Black "Christenson, Bjorn Aa"]
[Result "1/2-1/2"]
[WhiteElo "1988"]
[BlackElo "1886"]
[PlyCount "119"]
[EventDate "2013.07.27"]
[EventType "swiss"]
[EventRounds "10"]
[EventCountry "DEN"]
[Source "ChessBase"]
[SourceDate "2013.08.26"]

1. e4 e5 2. Bc4 Nf6 3. d3 Nc6 4. Nf3 Bc5 5. Bb3 h6 6. c3 d6 7. Nbd2 O-O 8. O-O
Bg4 9. Re1 Qd7 10. Nf1 d5 11. Qe2 d4 12. h3 Be6 13. Ba4 Qd6 14. Ng3 dxc3 15.
bxc3 Nd7 16. Be3 Bxe3 17. Qxe3 Nb6 18. Bb3 Bxb3 19. axb3 Rfd8 20. Red1 Qe6 21.
Rab1 a5 22. d4 exd4 23. Nxd4 Nxd4 24. Rxd4 Rxd4 25. Qxd4 g6 26. Qc5 Qd7 27. e5
a4 28. Ne4 Qd3 29. Nf6+ Kg7 30. Ra1 Qd8 31. bxa4 Rxa4 32. Rxa4 Nxa4 33. Qb4 Nb6
34. Qc5 Na4 35. Qb4 Nb6 36. Kh2 h5 37. Qc5 Na4 38. Qc4 Nb6 39. Qxc7 Qxc7 40.
Ne8+ Kf8 41. Nxc7 Ke7 42. Kg3 Kd7 43. Nb5 Ke6 44. Nd6 Na4 45. Nxb7 Nxc3 46. f4
Ne2+ 47. Kf3 Nc3 48. g3 Ke7 49. Nc5 Nd5 50. Ne4 Ke6 51. Nc5+ Ke7 52. g4 hxg4+
53. hxg4 Nc3 54. Ne4 Nd5 55. Nf2 Ke6 56. Nd1 g5 57. fxg5 Kxe5 58. Ne3 Ne7 59.
Nc4+ Ke6 60. Ke4 1/2-1/2

[Event "35t. Copenhagen Open (Politiken Cup)"]
[Site "Elsinore"]
[Date "2013.08.03"]
[Round "9"]
[White "Rolvag, Mikael"]
[Black "Mikkelsen, Nikolaj"]
[Result "1/2-1/2"]
[WhiteElo "2162"]
[BlackElo "2418"]
[PlyCount "134"]
[EventDate "2013.07.27"]
[EventType "swiss"]
[EventRounds "10"]
[EventCountry "DEN"]
[Source "ChessBase"]
[SourceDate "2013.08.26"]

1. d4 Nf6 2. c4 c5 3. d5 e6 4. Nc3 exd5 5. cxd5 d6 6. e4 g6 7. f3 Bg7 8. Bg5
O-O 9. Qd2 h6 10. Be3 Nbd7 11. Nh3 Nh7 12. Nf2 h5 13. Be2 a6 14. a4 Ne5 15. O-O
f5 16. exf5 Bxf5 17. Nfe4 Nf7 18. Kh1 Qe7 19. Rae1 Rae8 20. Bc4 Kh8 21. b3 Qd8
22. Bd3 Qd7 23. Bc2 b5 24. axb5 axb5 25. Ne2 h4 26. Nf4 b4 27. g4 hxg3 28. Nxg3
Bxc2 29. Qxc2 Ne5 30. Ne6 Rxf3 31. Rxf3 Nxf3 32. Rf1 Ne5 33. Qe4 Bf6 34. Bc1
Rxe6 35. dxe6 Qxe6 36. Qa8+ Qg8 37. Qxg8+ Kxg8 38. Ne4 Be7 39. Rd1 Nc6 40. Nxd6
Nd4 41. Nc8 Bf6 42. Rd3 Nf8 43. Nd6 Nfe6 44. Be3 Kf8 45. Nc4 Ke7 46. Bd2 Kd7
47. Rg3 g5 48. Kg2 Kc6 49. Kf1 Kd5 50. Nb6+ Ke4 51. Re3+ Kf5 52. Nc4 Bd8 53.
Nd6+ Kg6 54. h3 Bc7 55. Ne4 Bf4 56. Rd3 Be5 57. Be3 Kf5 58. Nd2 Nc6 59. Rd5 Ne7
60. Rd7 Nc6 61. Rd5 Ne7 62. Rd7 Bf6 63. Kf2 Nd4 64. Rc7 Ne6 65. Rd7 Nf8 66. Rc7
Ne6 67. Rd7 Nf8 1/2-1/2

[Event "35t. Copenhagen Open (Politiken Cup)"]
[Site "Elsinore"]
[Date "2013.08.03"]
[Round "9"]
[White "Rorvik, Jon Fredrik"]
[Black "Skovgaard, Tom"]
[Result "1-0"]
[WhiteElo "2154"]
[BlackElo "1962"]
[PlyCount "93"]
[EventDate "2013.07.27"]
[EventType "swiss"]
[EventRounds "10"]
[EventCountry "DEN"]
[Source "ChessBase"]
[SourceDate "2013.08.26"]

1. c4 e5 2. g3 Nf6 3. Bg2 c6 4. Nf3 e4 5. Nd4 Bc5 6. Nb3 Be7 7. Nc3 d5 8. cxd5
cxd5 9. d3 Bf5 10. dxe4 dxe4 11. Qxd8+ Bxd8 12. Nc5 Nc6 13. O-O O-O 14. N5xe4
Nxe4 15. Bxe4 Bxe4 16. Nxe4 Re8 17. Nc3 Ba5 18. e3 Rad8 19. Ne2 Rd7 20. a3 Red8
21. b4 Bb6 22. Ra2 Rd1 23. Rc2 Ne5 24. Rxd1 Rxd1+ 25. Kg2 h5 26. Rd2 Rxd2 27.
Bxd2 Nc4 28. Bc1 a5 29. Nf4 axb4 30. axb4 g6 31. Nd3 f5 32. h4 Kf7 33. Kf3 Bc7
34. Ke2 b5 35. Bd2 Ke6 36. Bc3 Kd5 37. Nc1 Ke4 38. Nb3 Bb6 39. Bd4 Bd8 40. Nc5+
Kd5 41. Kd3 Nd6 42. f3 g5 43. e4+ fxe4+ 44. fxe4+ Nxe4 45. Nxe4 gxh4 46. gxh4
Bxh4 47. Nf6+ 1-0

[Event "35t. Copenhagen Open (Politiken Cup)"]
[Site "Elsinore"]
[Date "2013.08.03"]
[Round "9"]
[White "Rose, Dennis Lauge"]
[Black "Yilmaz, Kazim"]
[Result "1-0"]
[WhiteElo "1827"]
[BlackElo "1651"]
[PlyCount "61"]
[EventDate "2013.07.27"]
[EventType "swiss"]
[EventRounds "10"]
[EventCountry "DEN"]
[Source "ChessBase"]
[SourceDate "2013.08.26"]

1. f4 d5 2. Nf3 c5 3. e3 Nf6 4. d4 Nc6 5. c3 cxd4 6. exd4 Bf5 7. Be2 e6 8. O-O
Bd6 9. Ne5 Bxe5 10. fxe5 Nd7 11. Bd3 Bg6 12. Na3 a6 13. Nc2 Qe7 14. Bf4 Bxd3
15. Qxd3 g5 16. Bd2 h5 17. c4 dxc4 18. Qxc4 g4 19. Rf4 Nb6 20. Qb3 Nd5 21. Re4
b5 22. Ne3 Nxe3 23. Bxe3 Na5 24. Qc3 b4 25. Qc2 Nb7 26. Rf1 O-O 27. Rf6 Kg7 28.
Bh6+ Kh7 29. Rxg4+ Kh8 30. Rg7 Rac8 31. Qh7# 1-0

[Event "35t. Copenhagen Open (Politiken Cup)"]
[Site "Elsinore"]
[Date "2013.08.03"]
[Round "9"]
[White "Rosenkilde, Alexander"]
[Black "Ivarsson, Tryggve"]
[Result "1/2-1/2"]
[WhiteElo "2260"]
[BlackElo "2121"]
[PlyCount "42"]
[EventDate "2013.07.27"]
[EventType "swiss"]
[EventRounds "10"]
[EventCountry "DEN"]
[Source "ChessBase"]
[SourceDate "2013.08.26"]

1. d4 Nf6 2. c4 c5 3. d5 e6 4. Nc3 exd5 5. cxd5 Bd6 6. g3 O-O 7. Bg2 a6 8. a4
Qe7 9. Nf3 Bc7 10. O-O d6 11. Nd2 Nbd7 12. h3 Re8 13. e4 Rb8 14. Qe2 Ba5 15.
Nc4 Bc7 16. a5 Ne5 17. Nd2 Bd7 18. f4 Ng6 19. g4 h6 20. Qd3 Qd8 21. Nc4 Bb5
1/2-1/2

[Event "35t. Copenhagen Open (Politiken Cup)"]
[Site "Elsinore"]
[Date "2013.08.03"]
[Round "9"]
[White "Saduakassova, Dinara"]
[Black "Svane, Rasmus"]
[Result "0-1"]
[WhiteElo "2340"]
[BlackElo "2427"]
[PlyCount "102"]
[EventDate "2013.07.27"]
[EventType "swiss"]
[EventRounds "10"]
[EventCountry "DEN"]
[Source "ChessBase"]
[SourceDate "2013.08.26"]

1. e4 c6 2. d4 d5 3. Nd2 dxe4 4. Nxe4 Bf5 5. Ng3 Bg6 6. h4 h6 7. Nf3 Nd7 8. h5
Bh7 9. Bd3 Bxd3 10. Qxd3 e6 11. Bd2 Ngf6 12. O-O-O Be7 13. Kb1 Qb6 14. c4 O-O
15. Ne4 Nxe4 16. Qxe4 Nf6 17. Qe2 c5 18. Bc3 Rad8 19. dxc5 Bxc5 20. Bxf6 gxf6
21. Nh2 Rxd1+ 22. Rxd1 Rd8 23. Rxd8+ Qxd8 24. Ng4 f5 25. Ne3 Qd4 26. a3 Qe4+
27. Qc2 Qf4 28. Qe2 a5 29. Ka2 Qe4 30. g3 Bd4 31. Kb3 Kg7 32. Qd2 b6 33. Nd1
Qf3+ 34. Ka2 Bf6 35. Nc3 Qxh5 36. Na4 Qf3 37. Nxb6 Qc6 38. Qe3 a4 39. f4 h5 40.
Qf2 Kh7 41. Qg1 Be7 42. Qd4 Bc5 43. Qd7 Qxb6 44. Qxf7+ Kh8 45. Qe8+ Kg7 46.
Qxa4 Qb7 47. Qc2 Qe4 48. Qc3+ Qd4 49. Qxd4+ Bxd4 50. a4 e5 51. fxe5 f4 0-1

[Event "35t. Copenhagen Open (Politiken Cup)"]
[Site "Elsinore"]
[Date "2013.08.03"]
[Round "9"]
[White "Satre, Mathias"]
[Black "Dyrhaug, Sverre S"]
[Result "1/2-1/2"]
[WhiteElo "1805"]
[BlackElo "1577"]
[PlyCount "71"]
[EventDate "2013.07.27"]
[EventType "swiss"]
[EventRounds "10"]
[EventCountry "DEN"]
[Source "ChessBase"]
[SourceDate "2013.08.26"]

1. c4 e5 2. Nc3 Nf6 3. g3 d5 4. cxd5 Nxd5 5. Bg2 Be6 6. Qb3 Nb4 7. Qa4+ c6 8.
Nf3 Nd7 9. O-O Be7 10. a3 b5 11. Qd1 Nd5 12. d4 Nxc3 13. bxc3 e4 14. Nd2 f5 15.
f3 exf3 16. Bxf3 Rc8 17. a4 Qc7 18. e4 fxe4 19. Nxe4 O-O 20. Bf4 Qb6 21. a5 Qd8
22. Nd6 Bxd6 23. Bxd6 Rf7 24. Bf4 Nf6 25. Qd2 c5 26. Rfe1 Bd5 27. Bxd5 Nxd5 28.
Bg5 Qd6 29. Rab1 a6 30. Rf1 Rxf1+ 31. Rxf1 cxd4 32. cxd4 h6 33. Bf4 Nxf4 34.
Rxf4 Rc4 35. Qe3 Qc6 36. Rf1 1/2-1/2